000 00596nam a2200205Ia 4500
003 GCL
008 140319s9999 xx 000 0 ara d
040 _aGCL /
_cGCL
082 0 4 _a953.04
_bح د
100 1 _aحسين احمد عطوان
245 1 0 _aالدعوة العباسية مبادىء واساليب /
_cحسين احمد عطوان
260 _a[S.N] :
_bدار الجيل
300 _a343 ص
490 _a
650 0 4 _aتاريخ
650 0 4 _aالمهدى المنتظر
650 0 4 _aالخلافة العباسية
650 0 4 _aالعباسيون
942 _2ddc
_cBK
999 _c55115
_d55115